LEADER 02313nas0-2200481---450- 001 990001179240203316 005 20121108112348.0 035 $a000117924 035 $aUSA01000117924 035 $a(ALEPH)000117924USA01 035 $a000117924 100 $a20030925a----9999km-y0ITAy0103----ba 101 $aita 102 $aIT 110 $aagaz---|||| 200 1 $aAgenti & rappresentanti$ediritto, fisco, contabilità e previdenza 210 $aMilano$cIl sole 24 ore 215 $av.$d27 cm 300 $aComincia nel 2001 300 $aDescrizione basata su: A.3, n.3 (mag.2003) 304 $aTit. della cop. 326 $aBimestrale 517 $aAgenti [e] rappresentanti 606 0 $aAgenti di commercio$xLegislazione$xPeriodici 606 0 $aRappresentanti di commercio$xLegislazione$xPeriodici 676 $a344.4501761381 801 0$aIT$bsalbc$gISBD 912 $a990001179240203316 958 $aGIU$bFondo$cA.3, n.3 (mag.2003)-A.5, n.6 (nov. 2005); 959 $aSE 979 $aANNAPIA$b90$c20030925$lUSA01$h1113 979 $aANNAPIA$b90$c20030925$lUSA01$h1220 979 $aPATRY$b90$c20040406$lUSA01$h1724 979 $aCHIARA$b90$c20110519$lUSA01$h1422 979 $aVITTORIANA$b90$c20121108$lUSA01$h1123 996 $aAgenti & rappresentanti$9982341 997 $aUNISA Z30 2$lUSA50$LAdministrative$mISSUE$1GIU$AGIU$3Per XII 17$5142271-10$820030925$a2003$b3$c1$f09$FNON Prestabile$hA.3, n.1 (gen. 2003)$i20030125$j20030224 Z30 2$lUSA50$LAdministrative$mISSUE$1GIU$AGIU$3Per XII 17$5142271-20$820030925$a2003$b3$c2$f09$FNON Prestabile$hA.3, n.2 (mar. 2003)$i20030325$j20030424 Z30 2$lUSA50$LAdministrative$mISSUE$1GIU$AGIU$3Per XII 17$5142271-30$820030925$a2003$b3$c3$f09$FNON Prestabile$hA.3, n.3 (mag. 2003)$i20030525$j20030624$k20030925 Z30 2$lUSA50$LAdministrative$mISSUE$1GIU$AGIU$3Per XII 17$5142271-40$820030925$a2003$b3$c4$f09$FNON Prestabile$hA.3, n.4 (lug. 2003)$i20030725$j20030824$k20030925 Z30 2$lUSA50$LAdministrative$mISSUE$1GIU$AGIU$3Per XII 17$5142271-50$820030925$a2003$b3$c5$f09$FNON Prestabile$hA.3, n.5 (set. 2003)$i20030925$j20031025 Z30 2$lUSA50$LAdministrative$mISSUE$1GIU$AGIU$3Per XII 17$5142271-60$820040114$a2003$b3$c6$f09$FNON Prestabile$hA.3, n.6 (nov. 2003)$i20031125$j20031225$k20040114 LEADER 02203nam0 22004453i 450 001 VAN0211460 005 20230609122446.490 017 70$2N$a9783319701813 100 $a20210906d2018 |0itac50 ba 101 $aeng 102 $aCH 105 $a|||| ||||| 200 1 $aNanomechanical and Nanoelectromechanical Phenomena in 2D Atomic Crystals$eA Scanning Probe Microscopy Approach$eDoctoral Thesis accepted by Lancaster University, Lancashire, England$fNicholas D. Kay 210 $aCham$cSpringer$d2018 215 $axxi, 122 p.$cill.$d24 cm 410 1$1001VAN0104193$12001 $aSpringer theses$erecognizing outstanding Ph.D. research$1210 $aBerlin$cSpringer$d2010- 500 1$3VAN0211461$aNanomechanical and Nanoelectromechanical Phenomena in 2D Atomic Crystals$92499083 606 $a00A79 (77-XX)$xPhysics [MSC 2020]$3VANC023182$2MF 606 $a74K35$xThin films [MSC 2020]$3VANC033952$2MF 606 $a74A50$xStructured surfaces and interfaces, coexistent phases [MSC 2020]$3VANC036162$2MF 610 $a2D Crystals$9KW:K 610 $a2D Nanoelectromechanical Properties$9KW:K 610 $aAtomic Force Microscopy$9KW:K 610 $aHeterodyne Force Microscopy$9KW:K 610 $aNano Electromechanical Resonator$9KW:K 610 $aNano-Mechanics$9KW:K 610 $aNanoelectromechanical Properties of 2D Materials$9KW:K 610 $aSubsurface Mechanical Properties$9KW:K 610 $aUltrasonic Force Microscopy$9KW:K 620 $aCH$dCham$3VANL001889 700 1$aKay$bNicholas D.$3VANV182097$01058306 712 $aSpringer $3VANV108073$4650 801 $aIT$bSOL$c20240614$gRICA 856 4 $uhttp://doi.org/10.1007/978-3-319-70181-3$zE-book ? Accesso al full-text attraverso riconoscimento IP di Ateneo, proxy e/o Shibboleth 899 $aBIBLIOTECA DEL DIPARTIMENTO DI MATEMATICA E FISICA$1IT-CE0120$2VAN08 912 $fN 912 $aVAN0211460 950 $aBIBLIOTECA DEL DIPARTIMENTO DI MATEMATICA E FISICA$d08CONS e-book 3606 $e08eMF3606 20210906 996 $aNanomechanical and Nanoelectromechanical Phenomena in 2D Atomic Crystals$92499083 997 $aUNICAMPANIA